World book dictionary (Record no. 16559)

000 -LEADER
fixed length control field 00249nam a22001097a 4500
008 - FIXED-LENGTH DATA ELEMENTS--GENERAL INFORMATION
fixed length control field 131127t xxu||||| |||| 00| 0 eng d
020 ## - INTERNATIONAL STANDARD BOOK NUMBER
International Standard Book Number 0-7166-0298-9
245 ## - TITLE STATEMENT
Title World book dictionary
260 ## - PUBLICATION, DISTRIBUTION, ETC.
Place of publication, distribution, etc. World book inc.
300 ## - PHYSICAL DESCRIPTION
Extent Book
942 ## - ADDED ENTRY ELEMENTS (KOHA)
Source of classification or shelving scheme
Koha item type Book
Holdings
Withdrawn status Lost status Source of classification or shelving scheme Materials specified (bound volume or other part) Damaged status Not for loan Permanent Location Current Location Date acquired Total Checkouts Full call number Barcode Date last seen Price effective from Koha item type
      vol 2     Atta-ur-Rahman School of Applied Biosciences (ASAB) Atta-ur-Rahman School of Applied Biosciences (ASAB) 11/27/2013   423 WOR ASAB1558 07/18/2019 11/27/2013 Reference
© 2023 Central Library, National University of Sciences and Technology. All Rights Reserved.